|
|
|
|
| LEADER |
02693nam a2200685 i 4500 |
| 001 |
nkc20162803202 |
| 003 |
CZ PrNK |
| 005 |
20161128144207.0 |
| 007 |
ta |
| 008 |
160608s2016 xr a b 000 jbcze |
| 015 |
|
|
|a cnb002803202
|
| 020 |
|
|
|a 978-80-7195-915-1
|q (vázáno)
|
| 035 |
|
|
|a (OCoLC)962340114
|
| 040 |
|
|
|a BOA001
|b cze
|d OLA001
|e rda
|
| 041 |
1 |
|
|a cze
|h ger
|
| 043 |
|
|
|a e-it---
|
| 045 |
|
|
|a p8q2
|
| 072 |
|
7 |
|a 821.112.2-3
|x Německá próza, německy psaná
|2 Konspekt
|9 25
|
| 072 |
|
7 |
|a 821-93
|x Literatura pro děti a mládež (beletrie)
|2 Konspekt
|9 26
|
| 080 |
|
|
|a 821.112.2-32
|2 MRF
|
| 080 |
|
|
|a 821-93
|2 MRF
|
| 080 |
|
|
|a 27-36
|2 MRF
|
| 080 |
|
|
|a 929
|2 MRF
|
| 080 |
|
|
|a 27-789.32
|2 MRF
|
| 080 |
|
|
|a 27-789.32-4
|2 MRF
|
| 080 |
|
|
|a (450)
|2 MRF
|
| 080 |
|
|
|a (0:82-322.6)
|2 MRF
|
| 100 |
1 |
|
|a Grün, Anselm,
|d 1945-
|7 jn19990002960
|4 aut
|
| 240 |
1 |
0 |
|a Heilige Franziskus.
|l Česky
|7 aun2016930834
|
| 245 |
1 |
0 |
|a Svatý František /
|c napsal Anselm Grün ; ilustroval Giuliano Ferri ; z německého originálu Der heilige Franziskus ... přeložila Gabriela Altmanová
|
| 264 |
|
1 |
|a V Praze :
|b Karmelitánské nakladatelství,
|c 2016
|
| 300 |
|
|
|a 26 nečíslovaných stran :
|b barevné ilustrace ;
|c 29 cm
|
| 336 |
|
|
|a text
|b txt
|2 rdacontent
|
| 336 |
|
|
|a statický obraz
|b sti
|2 rdacontent
|
| 337 |
|
|
|a bez média
|b n
|2 rdamedia
|
| 338 |
|
|
|a svazek
|b nc
|2 rdacarrier
|
| 600 |
0 |
7 |
|a František,
|c z Assisi, svatý,
|d 1182-1226
|7 jn19990210221
|2 czenas
|
| 600 |
0 |
9 |
|a Francis, of Assisi,
|c Saint,
|d 1182-1226
|2 eczenas
|
| 648 |
|
4 |
|a 1182-1226
|
| 648 |
|
7 |
|a 12.-13. století
|7 ch757064
|2 czenas
|
| 648 |
|
7 |
|a 13. století
|7 ch460551
|2 czenas
|
| 650 |
0 |
7 |
|a křesťanští světci
|7 ph115082
|z Itálie
|y 12.-13. století
|2 czenas
|
| 650 |
0 |
7 |
|a františkáni
|7 ph120384
|z Itálie
|y 13. století
|2 czenas
|
| 650 |
0 |
7 |
|a františkánství
|7 ph120386
|z Itálie
|y 13. století
|2 czenas
|
| 650 |
0 |
9 |
|a Christian saints
|z Italy
|y 12th-13th centuries
|2 eczenas
|
| 650 |
0 |
9 |
|a Franciscans
|z Italy
|y 13th century
|2 eczenas
|
| 650 |
0 |
9 |
|a Franciscanism
|z Italy
|y 13th century
|2 eczenas
|
| 655 |
|
7 |
|a německé příběhy
|7 fd132944
|2 czenas
|
| 655 |
|
7 |
|a biografické příběhy
|7 fd131953
|2 czenas
|
| 655 |
|
7 |
|a publikace pro děti
|7 fd133156
|2 czenas
|
| 655 |
|
9 |
|a German stories
|2 eczenas
|
| 655 |
|
9 |
|a biographical stories
|2 eczenas
|
| 655 |
|
9 |
|a children's literature
|2 eczenas
|
| 700 |
1 |
|
|a Ferri, Giuliano,
|d 1965-
|7 jo2013751018
|4 ill
|
| 700 |
1 |
|
|a Altmanová, Gabriela
|7 xx0198417
|4 trl
|
| 910 |
2 |
|
|a BOA001
|b 4-1374.487
|
| 990 |
|
|
|a BK
|
| 995 |
|
|
|a 01
|
| 991 |
|
|
|b 201610
|c NOV
|
| 996 |
6 |
|
|b 2610686040
|c 4-1374.487
|l MZK
|r Sklad / do 1 hodiny
|n 1
|p p.v.
|w 001583993
|u 000010
|a 1
|e BOA001
|j MZK50
|s P
|